Statistics for U Answers Quiz #1

Click here to take the quiz!

General Stats

  • This quiz has been taken 46,096 times
    (13,919 since last reset)
  • The average score is 18 of 24

Answer Stats

Clue Answer % Correct
PlanetUranus
99%
Mythical horse with a single hornUnicorn
99%
African countryUganda
96%
Opposite of ruralUrban
95%
Kiev is its capitalUkraine
92%
South American countryUruguay
91%
Radioactive elementUranium
90%
Western U.S. stateUtah
89%
Cord connecting mother and fetusUmbilical
88%
First name of actress ThurmanUma
88%
Hawaiian stringed instrumentUkulele
88%
What comes after penultimateUltimate
81%
Type of sheepskin boots that were
very popular in the 2000s
Ugg
79%
First name of President GrantUlysses
75%
Spiny sea creatureUrchin
74%
National language of PakistanUrdu
69%
Nickname of terrorist Ted KaczynskiUnabomber
60%
UN program that helps children and
mothers in developing countries
UNICEF
60%
Also known as Ayer's RockUluru
55%
This is to bears as bovine is to cowsUrsine
52%
The north part of IrelandUlster
50%
Nerd from "Family Matters"Urkel
45%
Former makers of England's football kitsUmbro
43%
Greek letterUpsilon
41%

Score Distribution

Percentile by Number Answered

Percent of People with Each Score

Your Score History

You have not taken this quiz since the last reset